| 000 | 00638nam a22001937a 4500 | ||
|---|---|---|---|
| 003 | OSt | ||
| 005 | 20250703063022.0 | ||
| 008 | 250703b |||||||| |||| 00| 0 eng d | ||
| 020 | _a9786214160198 | ||
| 040 |
_aDWCL - Main lib _cOC |
||
| 082 | _aFil. 657.046 G924c 2016 | ||
| 100 | _aGuerrero, Pedro P. | ||
| 245 |
_a CPA examination review : _bfinancial accounting/ _cPedro P. Guerrero |
||
| 250 | _a2016 edition. | ||
| 260 |
_aManila : _b GIC Enterprises & Co., _cc2016. |
||
| 300 |
_a664 pages : _b illustrations ; _c23 cm. |
||
| 650 | _a1. Accounting--Examination, questions, etc. | ||
| 942 |
_2ddc _cBK - FIL _e2016 edition. _kFil. _n0 |
||
| 999 |
_c3369 _d3369 |
||